Statistics for Azerbaijani diaspora

Click here to take the quiz!

General Stats

  • This quiz has been taken 191 times
    (41 since last reset)
  • The average score is 19 of 23

Answer Stats

#Country% Correct
7,250United Kingdom
100%
54,205United States
100%
15,000,000Iran
97%
603,070Russia
97%
6,425Canada
92%
24,030France
92%
530,800Turkey
92%
233,024Georgia
89%
45,200Ukraine
89%
24,190Germany
87%
146,615Kazakhstan
87%
1,740Australia
82%
50,000Turkmenistan
82%
6,001Belarus
79%
17,823Kyrgyzstan
79%
7,000Netherlands
79%
44,140Uzbekistan
79%
1,788Poland
74%
3,865Sweden
66%
1,224Austria
63%
7,000United Arab Emirates
61%
1,280Estonia
55%
1,244Czech Republic
45%

Score Distribution

Percentile by Number Answered

Percent of People with Each Score

Your Score History

You have not taken this quiz since the last reset